000 00500 a2200193 4500
005 20260406162930.0
008 260406b |||||||| |||| 00| 0 eng d
020 _a9789358706161
_cRs. 250.00
040 _aMAIN
082 _a629.892
_bR137R
100 _aRanjan, Chikesh
245 _aRobotics: For the students of B Tech, B E and B Sc (Engg)
260 _bS Chand
_c2024
_aNoida
300 _axv, 195
650 _aEngineering
650 _aRobots
700 _aKaushik Kumar
942 _cBK
999 _c397154
_d397154